MARC details
| 000 -CABECERA |
| campo de control de longitud fija |
03560nam a2200301 a 4500 |
| 003 - IDENTIFICADOR DEL NÚMERO DE CONTROL |
| campo de control |
CHAP |
| 005 - FECHA Y HORA DE LA ÚLTIMA TRANSACCIÓN |
| campo de control |
20250127095908.0 |
| 007 - CAMPO FIJO DE DESCRIPCIÓN FÍSICA--INFORMACIÓN GENERAL |
| campo de control de longitud fija |
ta |
| 008 - DATOS DE LONGITUD FIJA--INFORMACIÓN GENERAL |
| campo de control de longitud fija |
120611s2008 sp ado fr 00110 spa d |
| 020 ## - NÚMERO INTERNACIONAL ESTÁNDAR DEL LIBRO |
| Número Internacional Estándar del Libro |
978-84-8476-355-0 |
| 040 ## - FUENTE DE LA CATALOGACIÓN |
| Centro/agencia transcriptor |
CHAP |
| Centro catalogador/agencia de origen |
mxchpua |
| 050 ## - SIGNATURA TOPOGRÁFICA DE LA BIBLIOTECA DEL CONGRESO |
| Número de clasificación |
SB351.L6 |
| Número de documento/Ítem |
.R56 2008 |
| 082 0# - NÚMERO DE LA CLASIFICACIÓN DECIMAL DEWEY |
| Número de clasificación |
635.52 |
| Número de documento/Ítem |
R56 2008 |
| Número de edición |
20 |
| 100 1# - ENTRADA PRINCIPAL--NOMBRE DE PERSONA |
| Nombre de persona |
Rincón Sánchez, Luis Fernando |
| 9 (RLIN) |
97455 |
| Término indicativo de función/relación |
autor |
| 245 13 - MENCIÓN DE TÍTULO |
| Título |
La fertirrigación de la lechuga / |
| Mención de responsabilidad, etc. |
Luis Fernando Rincón Sánchez |
| 250 ## - MENCIÓN DE EDICIÓN |
| Mención de edición |
1a edición |
| 264 ## - PRODUCCIÓN, PUBLICACIÓN, DISTRIBUCIÓN, FABRICACIÓN Y COPYRIGHT |
| Producción, publicación, distribución, fabricación y copyright |
España : |
| Nombre del de productor, editor, distribuidor, fabricante |
Mundi-Prensa : |
| -- |
Instituto Murciano de Investigación y Desarrollo Agrario y Alimentario, |
| Fecha de producción, publicación, distribución, fabricación o copyright |
2008 |
| 300 ## - DESCRIPCIÓN FÍSICA |
| Extensión |
260 páginas : |
| Otras características físicas |
ilustraciones, gráficas, diagramas, tablas, fotos |
| 504 ## - NOTA DE BIBLIOGRAFÍA, ETC. |
| Nota de bibliografía, etc. |
Incluye bibliografías |
| 505 0# - NOTA DE CONTENIDO CON FORMATO |
| Nota de contenido con formato |
Prólogo. --<br/>El cultivo de la lechuga. --<br/>Características generales. --<br/>La instalación de fertirrigación. --<br/>El riego de la lechuga. --<br/>Necesidades hídricas y parámetros de riego. --<br/>La nutrición de la lechuga. --<br/>Absorción de nutrientes. --<br/>Absorción de nutrientes por la lechuga. --<br/>Control de la nutrición. --<br/>La fertilización nitrogenada de la lechuga. --<br/>Fertilizantes e inyección de disoluciones nutritivas. --<br/>Programación y práctica de la fertirrigación. --<br/>Apéndices: --<br/>1: Fertirrigación de las lechugas iceberg y romana. --<br/>2: Fertirrigación de las lechugas especiales (miniromana tipo Cos, Iollo rosa, Iollo verde, hoja de roble). --<br/>3: Fertirrigación de la lechuga little gem y otras minilechugas. --<br/>4: Supuestos prácticos de fertirrigación de la lechuga. |
| 520 ## - SUMARIO, ETC. |
| Sumario, etc. |
Este libro aborda de forma práctica la fertirrigación de la lechuga sobre suelo, pudiendo aplicarse a cualquier especie hortícola si se dispone de la información básica necesaria. Consta de nueve capítulos en los que se desarrolla el riego y la fertirrigación localizada, conjugando en cada uno de ellos los principios básicos con los de su aplicación práctica. Los cuatro apéndices finales son todos ellos de aplicación eminentemente práctica con supuestos diversos.<br/> <br/>Cabe destacar el estudio sobre la fertilización nitrogenada y su respuesta por la planta en su absorción en forma nítrica, incidiendo en la necesidad de controlar las sucesivas aportaciones, dadas las consecuencias negativas de su acumulación en la planta y posterior consumo por el hombre, debiendo mejorar la seguridad alimentaria y la posible contaminación medioambiental. En igual sentido, se debe contemplar la posible salinización, modicidad y toxicidad por cloro, sodio y boro.<br/> <br/>En los anejos se incluyen las cantidades de fertilizantes a incorporar en varias combinaciones de abonos para distintas variedades de lechuga y diferentes ciclos de cultivo, desarrollándose en el último anejo diversos supuestos prácticos de programación de la fertirrigación para todo el ciclo de cultivo, en sistemas de inyección simple y múltiple respectivamente.<br/> <br/>El libro pretende conseguir dos objetivos principalmente: el primero de ellos el poner a disposición de los técnicos y agricultores la información necesaria para ejecutar una fertirrigación eficaz en relación con el medio ambiente, y el segundo la formación de estudiantes y técnicos en un tema que sin lugar a dudas tendrá que utilizar en su vida profesional. |
| 650 13 - PUNTO DE ACCESO ADICIONAL DE MATERIA--TÉRMINO DE MATERIA |
| Término de materia o nombre geográfico como elemento de entrada |
Aplicación de fertilizantes |
| Subdivisión general |
Lechuga |
| 9 (RLIN) |
162736 |
| 650 13 - PUNTO DE ACCESO ADICIONAL DE MATERIA--TÉRMINO DE MATERIA |
| Término de materia o nombre geográfico como elemento de entrada |
Lechuga |
| Subdivisión general |
Manejo de la irrigación |
| 9 (RLIN) |
65464 |
| 650 13 - PUNTO DE ACCESO ADICIONAL DE MATERIA--TÉRMINO DE MATERIA |
| Término de materia o nombre geográfico como elemento de entrada |
Fertilizer application |
| Subdivisión general |
Lettuce |
| 9 (RLIN) |
162738 |
| 650 13 - PUNTO DE ACCESO ADICIONAL DE MATERIA--TÉRMINO DE MATERIA |
| Término de materia o nombre geográfico como elemento de entrada |
Lettuce |
| Subdivisión general |
Irrigation management |
| 9 (RLIN) |
186459 |
| 942 ## - ELEMENTOS DE PUNTO DE ACCESO ADICIONAL (KOHA) |
| Tipo de ítem Koha |
Libro |
| Fuente del sistema de clasificación o colocación |
Dewey Decimal Classification |
| 901 ## - ELEMENTOS DE DATOS A LOCAL LDA (RLIN) |
| a |
635.52 R57 2008 |